Текст томруулах:    
Financial accounting (Бичлэгийн дугаар. 145632)
000 -УДИРДЛАГА
Удирдлага 00867nam a22002777a 4500
003 - ХЯНАЛТЫН ТОО ТОДОРХОЙЛОГЧ
Код MN-UlNUM
005 - БИЧИЛТ ХИЙСЭН ОГНОО
Тухайн бичилтийг бичсэн засварласан сүүлийн огноо 20251117114533.0
008 - ЕРӨНХИЙ МЭДЭЭЛЭЛ
Ерөнхий мэдээлэл 251117s2005 maua|||| |||| 001 0 eng |
020 ## - ISBN
ISBN 0072843179
040 ## - БИЧЛЭГ ҮҮСГЭГЧ БАЙГУУЛЛАГА
Бичлэг үүсгэгч номын сангийн код МУИС-ийн номын сан
084 ## - ББК АНГИЛАЛ
Нэмэлт тусгалт Бусад
ББК ангилал 65.290-2
Зохиогчийн гурван тэмдэгт W 68
Мэдлэгийн ялгаа 65 - Эдийн засаг
100 1# - ЗОХИОГЧ
Зохиогчийн нэр Wild, John J.
245 10 - ҮНДСЭН ГАРЧИГ
Номын нэр Financial accounting
Бага гарчгийн мэдээ information for decisions
Оролцогчдын тухай мэдээ John J. Wild.
250 ## - ДАХИН ХЭВЛЭЛТ
Дахин гаралтын дугаар 3rd ed.
260 ## - ГАРАЛТЫН МЭДЭЭ
Хэвлэгдсэн газар Boston :
Хэвлэлийн газар McGraw-Hill/Irwin,
Хэвлэгдсэн он 2005.
300 ## - МАТЕРИАЛЫН ТОДОРХОЙЛОЛТ
хуудасны тоо 1 v. (various pagings)
Бусад тоон мэдээлэл col. ill. ;
Хэмжээ 29 cm.
500 ## - Тайлбар
Дансны дугаар БС 2129
546 ## - ХЭЛНИЙ ТУХАЙ МЭДЭЭ
Хэл Англи хэл дээр,
653 ## - Түлхүүр үг
Түлхүүр үг accounting.
740 ## - НОМЫН ГАРЧИГ
Гарчиг Introducing Accounting in Business 2
740 ## - НОМЫН ГАРЧИГ
Гарчиг Analyzing and Recording Business Transactions
740 ## - НОМЫН ГАРЧИГ
Гарчиг Adjucting Accounts and Preparing Financial Statements
740 ## - НОМЫН ГАРЧИГ
Гарчиг Reporting and Analyzing Merchandising Operations
942 ## - ЭЛЕМЕНТИЙН ТӨРӨЛ
Зүйлийн төрөл Ном